000 01090nam a2200325 i 4500
003 DO-SdBNP
005 20250224112529.0
007 ta
008 250218s2011 dr 000 p spa d
020 _a9789945068156
040 _aDO-SdBNP
_bspa
_cBNPHU
_erda
041 _aspa
082 4 _aRD861.44
_bP438L 2011
_222
100 1 _aPérez, Isael,
_d1961-
_eautor
_4aut.
_91414
245 1 0 _aLlamas de amor ;
_bPoemas para amar /
_cIsael Pérez.
246 _aPoemas para amar
250 _aSegunda edición
264 4 _aSanto Domingo, República Dominicana :
_bEditorial Santuario,
_c©2011.
300 _a87 páginas ;
_c22 cm.
336 _atexto
_btxt
_2rdacontent
337 _asin mediación
_bn
_2rdamedia
338 _avolumen
_bnc
_2rdacarrier
500 _aIncluye datos biográficos del autor en la solapa de la cubierta.
590 _aInventariado, 2025/ YL
650 0 _aPoesía dominicana
_966
650 0 _aLiteratura dominicana.
_967
700 1 _a Isael Pérez
_tPoemas para amar
_986988
910 _aYLockward/Validado. Control de calidad MFF
942 _2ddc
_cLBS1
999 _c58124
_d58124